Statistics for Top Ten most livable cities (By EIU livability index)

Click here to take the quiz!

General Stats

  • This quiz has been taken 40 times
  • The average score is 7 of 10

Answer Stats

HintAnswerEIU% Correct
1stMelbourne97.7
89%
7thSydney96.1
86%
2ndVienna97.4
76%
9thPerth95.9
70%
4thToronto97.2
70%
3rdVancouver97.3
70%
T-5thAdelaide96.6
65%
10thAuckland95.7
62%
T-5thCalgary96.6
43%
8thHelsinki96.0
35%

Score Distribution

Percentile by Number Answered

Percent of People with Each Score

Your Score History

You have not taken this quiz